Giọng điệu thơ Lâm Thị Mỹ Dạ
Lâm Thị Mỹ Dạ - hành trình sáng tạo “chân thật và dữ dội”. Thơ Lâm Thị Mỹ Dạ - bản hòa âm giọng điệu. Giọng điệu Lâm Thị Mỹ Dạ - Nhìn từ phương thức thể hiện
Guardado en:
| Autor principal: | |
|---|---|
| Otros Autores: | |
| Formato: | Libro |
| Lenguaje: | Vietnamese |
| Publicado: |
Đà Nẵng
Đại học Sư phạm, Đại học Đà Nẵng
2013
|
| Materias: | |
| Etiquetas: |
Agregar Etiqueta
Sin Etiquetas, Sea el primero en etiquetar este registro!
|
| Thư viện lưu trữ: | Mạng thư viện Đại học Đà Nẵng |
|---|
| LEADER | 01669nam a2200385 4500 | ||
|---|---|---|---|
| 001 | 000018970 | ||
| 003 | 15405 | ||
| 005 | 20140312150358.0 | ||
| 008 | 140225s2013 viesd | ||
| 041 | |a vie | ||
| 072 | |a VH | ||
| 082 | 1 | 4 | |a 895.922134 |b VO-V |
| 100 | 1 | |a Võ Thị Thúy Vy | |
| 245 | 1 | 0 | |a Giọng điệu thơ Lâm Thị Mỹ Dạ |c Võ Thị Thúy Vy ; Bùi Bích Hạnh hướng dẫn |k Khóa luận tốt nghiệp |
| 260 | |a Đà Nẵng |b Đại học Sư phạm, Đại học Đà Nẵng |c 2013 | ||
| 300 | |a 65 tr. |c 29 cm. | ||
| 500 | |a Khóa luận tốt nghiệp đại học. Chuyên ngành: Cử nhân Văn học | ||
| 520 | |a Lâm Thị Mỹ Dạ - hành trình sáng tạo “chân thật và dữ dội”. Thơ Lâm Thị Mỹ Dạ - bản hòa âm giọng điệu. Giọng điệu Lâm Thị Mỹ Dạ - Nhìn từ phương thức thể hiện | ||
| 600 | 1 | 4 | |a Lâm Thị Mỹ Dạ |d 1949- |
| 650 | 0 | 4 | |a Thơ Việt Nam |v Khóa luận tốt nghiệp |x Lâm Thị Mỹ Dạ |
| 653 | |a Thơ Việt Nam | ||
| 653 | |a Giọng điệu | ||
| 653 | |a Khoa Ngữ văn | ||
| 653 | |a Văn học Việt Nam | ||
| 700 | 1 | |a Bùi Bích Hạnh |c TS. |e Hướng dẫn | |
| OWN | |a LSP | ||
| AVA | |a UDN50 |b LSP |d 895.922134 VO-V |e available |t Error 5001 Not defined in file expand_doc_bib_avail. |f 1 |g 0 |h N |i 0 |k 1 | ||
| 999 | |a From the UDN01 | ||
| AVA | |a UDN50 |b LSP |d 895.922134 VO-V |e available |t Error 5001 Not defined in file expand_doc_bib_avail. |f 1 |g 0 |h N |i 0 |k 1 | ||
| TYP | |a Monograph | ||
| TYP | |a Printed language | ||
| 980 | |a Mạng thư viện Đại học Đà Nẵng | ||